000 01698nmm a2200337 a 4500
003 CO-CtgCURN
005 20250329165431.0
007 co cga---uuuuu
008 160531s2012 i eng d
040 _aCO-CtgCURN
_bspa
_ccoctgcurn
082 0 _aENF 2012
_bF634
100 1 _aFlórez Murillo, Ida Luisa.
245 1 0 _aEvaluación de la atencion de enfermeria al maltrato infantil en los niños y niñas que ingresan al Hospital Infantil Napoleon Franco Pareja en la ciudad de Cartagena, II periodo 2011 y I periodo de 2012
_h[electronic resource] /
_cIda Luisa Flórez Murillo, Sandra Patricia López Colon, Yina Marcela Peña Arias.
260 _aCartagena de Indias :
_bCorporación Universitaria Rafael Núñez,
_c2012.
300 _a1 CD-Rom.
336 _2rdacontent
337 _2rdamedia
_asin mediacion
_bn
338 _2rdacarrier
_avolumen
_bnc
500 _aIncluye anexos.
502 _aTrabajo de grado (Enfermera (o)). Corporación Universitaria Rafael Nuñez. Facultad de Ciencias de la Salud. Programa de Enfermeria, 2012.
504 _aIncluye bibliografia.
590 _aEnfemeria
650 0 _aEnfermeria
_vTesis y disertaciones academicas.
650 0 _aEnfermeria
_vCuidado del paciente
_zCartagena (Colombia)
650 0 _aNiños maltratados
_zCartagena (Colombia)
700 1 _aLópez Colon, Sandra Patricia.
700 1 _aPeña Arias, Yina Marcela.
856 7 _uhttps://unicurn.sharepoint.com/:b:/s/biblioteca/EXJBGwsXovBEr_FvpyF7Hu4BdwK45aOQrxH60MRF7ycxxQ?e=BHG9wl
_zClick aqui para ver el recurso en texto completo
942 _hENF 2012
_iF634
_2ddc
_cTG
999 _c3819
_d3819